Advanced Welding Process (Record no. 13257)

000 -LEADER
fixed length control field 00485nam a22002057a 4500
001 - CONTROL NUMBER
control field 13257
003 - CONTROL NUMBER IDENTIFIER
control field BD-DhUET
008 - FIXED-LENGTH DATA ELEMENTS--GENERAL INFORMATION
fixed length control field 150302b xxu||||| |||| 00| 0 eng d
040 ## - CATALOGING SOURCE
Transcribing agency DLC
Modifying agency BD-DhUET
082 ## - DEWEY DECIMAL CLASSIFICATION NUMBER
Classification number 671.52
Item number NIK/1977
100 ## - MAIN ENTRY--PERSONAL NAME
Personal name Nikolaey, G.
245 ## - TITLE STATEMENT
Title Advanced Welding Process
250 ## - EDITION STATEMENT
Edition statement Rev. Ed.
260 ## - PUBLICATION, DISTRIBUTION, ETC. (IMPRINT)
Place of publication, distribution, etc. Moscow
Name of publisher, distributor, etc. Mir Publishers
Date of publication, distribution, etc. 1977
300 ## - PHYSICAL DESCRIPTION
Extent 245p.
504 ## - BIBLIOGRAPHY, ETC. NOTE
Bibliography, etc Includes bibliographies
650 #0 - SUBJECT ADDED ENTRY--TOPICAL TERM
Topical term or geographic name as entry element Welding
700 ## - ADDED ENTRY--PERSONAL NAME
Personal name Olshansky, N.
942 ## - ADDED ENTRY ELEMENTS (KOHA)
Koha item type General Book
Holdings
Piece designation (barcode) Lost status Koha full call number Source of classification or shelving scheme Price effective from Shelving location Date acquired Copy number Withdrawn status Not for loan Sublocation or collection (holding branch) Koha item type Koha date last seen Location (home branch) Damaged status Koha normalized classification for sorting
55162 671.52/NIK/1977 2015-03-02Circulation section2015-03-021  Central Library, BUETGeneral Book2015-03-02Central Library, BUET 671_520000000000000_NIK_1977
55163 671.52/NIK/1977 2015-03-02Circulation section2015-03-022  Central Library, BUETGeneral Book2015-03-02Central Library, BUET 671_520000000000000_NIK_1977